Catálogo

Vista normal Vista MARC

Entrada Personal Name

Número de registros utilizados en: 1

001 - CONTROL NUMBER

  • control field: 5523

003 - CONTROL NUMBER IDENTIFIER

  • control field: OSt

005 - DATE AND TIME OF LATEST TRANSACTION

  • control field: 20180716123948.0

008 - FIXED-LENGTH DATA ELEMENTS

  • fixed length control field: 170901 a|ac|n|aab||||||||||||a |n|||||||

010 ## - LIBRARY OF CONGRESS CONTROL NUMBER

  • LC control number: 79129187

040 ## - CATALOGING SOURCE

  • Original cataloging agency: DLC
  • Language of cataloging: spa
  • Description conventions: rda
  • Transcribing agency: Mx-PuUPA
  • Modifying agency: Mx-PuUPA

100 1# - HEADING--PERSONAL NAME

  • Personal name: Stobaugh, Robert B.

375 ## - GENDER

  • Gender: hombre

377 ## - ASSOCIATED LANGUAGE

  • Language code: spa

400 1# - SEE FROM TRACING--PERSONAL NAME

  • Personal name: Stobaugh, Robert

670 ## - SOURCE DATA FOUND

  • Source citation: Biblioteca del congreso (Estados Unidos), 1septiembre 2017:
  • Information found: catálogo electrónico:
  • Uniform Resource Identifier: https://goo.gl/iE3mdD

670 ## - SOURCE DATA FOUND

  • Source citation: His Petrochemical manufacturing & marketing guide, c1966.

670 ## - SOURCE DATA FOUND

  • Source citation: Technology crossing borders, c1984:
  • Information found: CIP t.p. (Robert Stobaugh) data sheet (b. 10/15/27)

670 ## - SOURCE DATA FOUND

  • Source citation: Energía del futuro, 1993:
  • Information found: portada (Robert Stobaugh)